Statistics for Movies About Boxing

Click here to take the quiz!

General Stats

  • This quiz has been taken 863 times
    (407 since last reset)
  • The average score is 8 of 18

Answer Stats

YearActorMovie% Correct
1976Sylvester StalloneRocky
100%
2015Sylvester StalloneCreed
78%
2001Will SmithAli
73%
1980Robert De NiroRaging Bull
72%
1985Dolph LundgrenRocky IV
64%
2004Clint EastwoodMillion Dollar Baby
58%
2010Mark WahlbergThe Fighter
52%
1977Muhammad AliThe {Greatest}
51%
2015Jake GyllenhaalSouthpaw
44%
2005Russell CroweCinderella Man
38%
2000Brad PittSnatch
31%
1999Denzel WashingtonThe Hurricane
31%
1996(Documentary)When We Were {Kings}
31%
1997Daniel Day-LewisThe {Boxer}
28%
2013Stallone, De NiroGrudge Match
23%
1996Samuel L. JacksonThe Great White {Hype}
22%
1999Woody HarrelsonPlay It to the {Bone}
20%
2000Michelle Rodriguez{Girl}fight
19%

Score Distribution

Percentile by Number Answered

Percent of People with Each Score

Your Score History

You have not taken this quiz since the last reset